000 00717nam a2200253Ia 4500
003 OSt
005 20220928114856.0
006 a|||||r|||| 00| 0
007 ta
008 220927b |||||||| |||| 00| 0 eng d
020 _cINR 199.00
024 _a133659
037 _b0267, 08/03/2017, Bookwell Publications
_cTextual
040 _aSDCL
_cSDCL
_beng
041 _2eng
_aeng
082 _aWxN, Q3 LR
100 _aRoy Arundhati
245 0 _aShape of the beast
260 _aGurgaon
_bPenguin books
_c2013
300 _ax,330p.
_ccm.
650 _aReference
942 _hWxN, Q3 LR
_cTEXL
_2CC
999 _c757173
_d757173